000 00474nam a22001817a 4500
003 LK-CoMWRAF
005 20231230134822.0
008 231120b |||||||| |||| 00| 0 eng d
040 _aLK-CoMWRAF
_dLK-CoMWRAF
_eLK-CoMWRAF
041 _aeng
082 _a823
_bGRE
100 _aGreen, Margery
110 _aBronte, Charlotte
245 _aMacmillan stories to remember :
_bJane eyre
260 _aMadras :
_bMacmillian,
_c1986
650 _aEnglish Fiction
942 _cBK
999 _c4181
_d4181